| 000 | 01105cam a2200301 i 4500 | ||
|---|---|---|---|
| 001 | 61721 | ||
| 003 | Mx-PuUPA | ||
| 005 | 20241015134516.0 | ||
| 008 | 141112s2023 mx gr 000 j spa d | ||
| 020 | _a9786073821612 | ||
| 040 |
_aMx-PuUPA _bspa _cMx-PuUPA _dMx-PuUPA _erda |
||
| 041 | 0 | _aspa | |
| 043 | _as-uy--- | ||
| 100 | 1 |
_aBenedetti, Mario, _d1920-2009 _eautor _97243 |
|
| 245 | 1 | 0 |
_aCuentos completos. _pBenedetti |
| 250 | _aCuarta edición | ||
| 264 | 1 |
_aCiudad de México : _bAlfaguara, _c2023 |
|
| 300 |
_a862 páginas ; _c24 cm |
||
| 336 |
_atexto _2rdacontent _btxt |
||
| 337 |
_asin medio _2rdamedia _bn |
||
| 338 |
_avolumen _2rdamedia _bnc |
||
| 650 | 7 |
_aLiteratura _zUruguay _2armarc |
|
| 942 |
_2ddc _cLI _h863 _iB45 |
||
| 999 |
_c61721 _d61721 |
||